000
00305cam a2200133ua 4500
041
_a
eng
_h
082
_a
823.308
_b
CHR/EV
100
_a
Christie, Agatha .
245
_a
Evil under the sun /
_c
Agatha Christie.
_h
Textual Documents
300
_a
185 ; .
504
_a
942
_c
BK
999
_c
3908
_d
3908